Le charbon
Guardat en:
| Autor principal: | |
|---|---|
| Format: | Llibre |
| Idioma: | Undetermined |
| Publicat: |
Paris
Presses Universitaires de France
1957
|
| Matèries: | |
| Etiquetes: |
Afegir etiqueta
Sense etiquetes, Sigues el primer a etiquetar aquest registre!
|
| Thư viện lưu trữ: | Trung tâm Học liệu Trường Đại học Cần Thơ |
|---|
| LEADER | 00473nam a2200181Ia 4500 | ||
|---|---|---|---|
| 001 | CTU_98848 | ||
| 008 | 210402s9999 xx 000 0 und d | ||
| 082 | |a 338.2720944 | ||
| 082 | |b R763 | ||
| 100 | |a Romeuf, Jean | ||
| 245 | 0 | |a Le charbon | |
| 245 | 0 | |c Jean Romeuf | |
| 260 | |a Paris | ||
| 260 | |b Presses Universitaires de France | ||
| 260 | |c 1957 | ||
| 650 | |a Coal,Coal mines and mining | ||
| 904 | |i Truc | ||
| 980 | |a Trung tâm Học liệu Trường Đại học Cần Thơ | ||